Sesquicentenario del Código Civil de Andrés Bello. Pasado, presente y futuro de la codificación.

Sábháilte in:
Sonraí bibleagrafaíochta
Príomhchruthaitheoir: Martinic Galetovic, María Dora (dirección)
Rannpháirtithe: Tapia Rodríguez, Mauricio (dirección), Ríos Labbé, Sebastián (colaboración)
Formáid: LEABHAR
Teanga:Spáinnis
Foilsithe / Cruthaithe: Santiago, Chile: LexisNexis, 2005.
Eagrán:1a. edición.
Ábhair:
Clibeanna: Cuir clib leis
Níl clibeanna ann, Bí ar an gcéad duine le clib a chur leis an taifead seo!

MARC

LEADER 00000nam a2200000 a 4500
001 UCK7620
003 CL-VaPUC
005 20250416110211.0
008 051202e20050000CL |||||||||||||||||spa|d
999 |c 315472  |d 315470 
020 |a 956-238-578- (obra completa) 
020 |a 956-238-579- (t.I) 
020 |a 956-238-580-9 (t.II) 
040 |c Pontificia Universidad Católica de Valparaíso 
082 0 4 |a 346.83 MAR 2005  |2 21 
100 |a Martinic Galetovic, María Dora  |e dirección  |9 497121 
245 1 0 |a Sesquicentenario del Código Civil de Andrés Bello.  |b Pasado, presente y futuro de la codificación. 
250 |a 1a. edición.  
260 |a Santiago, Chile:  |b LexisNexis,  |c 2005. 
300 |a 2 Tomos.  
500 |a c.2 Tomo I: Donación Familia Prof. Alejandro Guzmán Brito. c.2 Tomo II: Donación Familia Prof. Alejandro Guzmán Brito. 
583 |a last modification  |c 20051202 00:00:00  |k Rodrigo Vera 
600 0 |a Bello, Andrés,   |d 1781-1865  |9 545824 
650 0 |a Código civil chileno  |9 255931 
650 0 |a Historia del derecho  |9 255109 
650 0 |a Fuentes del derecho   |9 255162 
650 0 |a Derecho civil  |9 255013 
650 0 |a Derecho privado  |9 258243 
700 0 |a Tapia Rodríguez, Mauricio  |e dirección  |9 497122 
700 |a Ríos Labbé, Sebastián  |e colaboración   |9 499165 
942 |c BK  |2 ddc  |n 0 
945 |d 20051202 00:00:00  |a cmena 
952 |0 0  |1 0  |4 0  |6 346_830000000000000_MAR_2005  |7 0  |8 A  |9 388759  |a BIBDER  |b BIBDER  |d 2019-11-22  |h v.1  |i 4183843  |l 2  |m 2  |o 346.83 MAR 2005  |p 4183843  |q 2025-12-31  |r 2021-10-11  |s 2021-10-11  |w 2019-11-22  |y BK  |k DER 
952 |0 0  |1 0  |4 0  |6 346_830000000000000_MAR_2005  |7 0  |8 A  |9 388760  |a BIBDER  |b BIBDER  |d 2019-11-22  |h v.2  |i 4183851  |l 2  |o 346.83 MAR 2005  |p 4183851  |r 2023-01-25  |s 2022-11-30  |w 2019-11-22  |y BK  |k DER 
952 |0 0  |1 0  |2 ddc  |4 0  |6 346_830000000000000_MAR_2005  |7 1  |8 C_AGB  |9 580807  |a BIBDER  |b BIBDER  |d 2022-01-25  |e Donación   |h t.I  |i 5641500  |o 346.83 MAR 2005  |p 5641500  |r 2023-01-25  |t 2  |w 2022-01-25  |y BK_US  |k AGB 
952 |0 0  |1 0  |2 ddc  |4 0  |6 346_830000000000000_MAR_2005  |7 1  |8 C_AGB  |9 581005  |a BIBDER  |b BIBDER  |d 2022-02-01  |e Donación   |h t.II   |i 5643511  |o 346.83 MAR 2005  |p 5643511  |r 2023-01-25  |t 2  |w 2022-02-01  |y BK_US  |k AGB